Datum a čas kvízu

33.5 Celkem bodů Celkový počet nahraných bodů na tomto kvízu bez doplňovacích otázek.
4. Pořadí na kvízu Konečné umístění týmu na tomto kvízu.

Zaznamenané odpovědi

# Otázka Odpověď Body Výsledky
1. Ve středu se uskutečnilo letoš... Jablonec nad Nisou 0
2. Po ulicích jednoho středoslove... Liptovský Mikuláš 1
3. 14. března vstoupil do českých... Monty Python a Svatý Grál 1
4. Některé provozovny jistého řet... McDonald's 0
5. K zajímavému hecování došlo v... pizzu s ananasem 0
6. Téma začneme v Evropě. Seřaďte... 1D 2A 3B 4C 1
7. V čele kterého ostrovního stát... Kuba 1
8. Které z těchto zvířat nežije p... A 1
9. Jak se jmenuje nejlidnatější s... Indonésie, Jakarta 0
10. Jak se jmenuje ostrovní stát,... Tonga 0